Embryogenesis in plants.

Bibliographic Details
Main Author: Wardlaw, C. W. (Claude Wilson), 1901-
Format: Book
Language:English
Published: London : New York : Methuen; Wiley, [1955]
Subjects:

MARC

Tag First Indicator Second Indicator Subfields
LEADER 00000cam a2200000 4500
001 in00000043443
005 20151007072831.0
008 730206s1955 enka 00000 eng u
010 |a  55002425  
035 |a (OCoLC)00553145 
035 |9 AAE8643AM 
040 |c WSU  |d TXA  |d UtOrBLW 
049 |a TXAM  |c [280808] 
050 0 |a QK665  |b .W3 
092 |a 581.3  |b W266e 
100 1 |a Wardlaw, C. W.  |q (Claude Wilson),  |d 1901- 
245 1 0 |a Embryogenesis in plants. 
264 1 |a London :  |b Methuen;  |a New York :  |b Wiley,  |c [1955] 
300 |a 381 pages :  |b illustrations ;  |c 24 cm. 
336 |a text  |b txt  |2 rdacontent 
337 |a unmediated  |b n  |2 rdamedia 
338 |a volume  |b nc  |2 rdacarrier 
650 0 |a Embryology. 
999 |a MARS 
999 f f |s 13e26781-5118-3e02-a553-7615cae5e6ab  |i 388127fe-2d5e-37d2-a681-c9ff2b89a752  |t 0 
952 f f |p ric  |a Texas A&M University  |b Rellis Campus  |c Joint Library Facility  |d Remote Storage  |t 0  |e QK665 .W3  |h Library of Congress classification  |i unmediated -- volume  |l 1955  |m A14800989706 
998 f f |a QK665 .W3  |t 0  |l Remote Storage